000 00450nam a2200217Ia 4500
003 IT-RoPAU
008 120407s9999 xx 000 0 und d
040 _aIT-RoPAU
040 _cIT-RoPAU
041 _aita
100 _aE. Maffei
245 _aILLUSTRATION du SALVE REGINA.
250 _aBruxelles
260 _aETs Vromant S.A.
260 _c1958
300 _a98 p.
300 _c21 cm
490 _v1
942 _cBK
999 _c37436
_d37436